000
00241nam a2200097Ia 4500
001
683685
005
20250826161443.0
008
250824s9999 xx 000 0 und d
245
0
_a
ALLAHA KOŞAN GENÇ
_c
AHMET BULUT
260
_b
TİMAŞ YAYINLARI
999
_c
683685
_d
683685